| 000 | 00000nam##2200000za#4500 |
| 001 | 9.571758 |
| 003 | CaOODSP |
| 005 | 20210624182902 |
| 007 | cr ||||||||||| |
| 008 | 150406|2001||||xxc|||||o f|0| 0 eng|d |
| 040 | |aCaOODSP|beng |
| 043 | |an-cn--- |
| 086 | 1 |aNH18-23/79E-PDF |
| 110 | 2 |aCanada Mortgage and Housing Corporation. |
| 245 | 13|aAn analysis of pension and RRSP investments in Canadian rental housing |h[electronic resource] |
| 260 | |aOttawa - Ontario : |bCanada Mortgage and Housing Corporation |cMarch 2001. |
| 300 | |a6p. |
| 490 | 1 |aResearch highlight. Socio-economic series |v79 |
| 590 | |a11-23-Supp|b2011-10-17 |
| 690 | 07|aInvestments|2gcpds |
| 690 | 07|aSubsidized housing|2gcpds |
| 775 | 08|tUne analyse des placements des caisses de retraite et des REER dans le logement locatif canadien |w(CaOODSP)9.602185 |
| 776 | 0#|tAn analysis of pension and RRSP investments in Canadian rental housing |w(CaOODSP)9.615759 |
| 830 | #0|aResearch highlight. Socio-economic series ;|v79|w(CaOODSP)9.505168 |
| 856 | 40|ahttp://publications.gc.ca|qPDF|s104 KB|uhttps://publications.gc.ca/collections/Collection/NH18-23-79E.pdf|y79 |